000 00545nam a22001937a 4500
005 20260225160940.0
008 260225b |||||||| |||| 00| 0 eng d
020 _a9789349010611
037 _cTextbook
040 _aFMUL
_cFMUL
041 _2eng
_aeng
084 _aNR5Oj44 R5
_qFMUL
100 _aTripathi, Ranjana
_91116614
245 _aPashchatye swarlipi avam bhartiye sangeetatmakta
260 _aDelhi
_bSanjay Prakashan
_c2025
300 _axvi, 320 p.
650 _aFMUL
_91116606
942 _2CC
_cTB
_hNR50j44 R5
_n0
999 _c1680223
_d1680223